Theory of knowledge. : Containing the Enquiry concerning human understanding, the Abstract, and selected passages from book I of A treatise of human nature /

Bibliographic Details
Main Author: Hume, David, 1711-1776
Format: Book
Language:English
Published: Austin : University of Texas Press, 1953.
Series:Nelson philosophical texts.
Subjects:

MARC

Tag First Indicator Second Indicator Subfields
LEADER 00000cam a2200000 4500
001 in00000062592
005 20151007083031.0
008 770813s1953 txu b 00000 eng d
010 |a  53006390  
035 |a (OCoLC)03185394 
035 |9 AAF8756AM 
040 |a OCO  |c OCO  |d TXA  |d UtOrBLW 
049 |a TXAM  |c [275617] 
090 |a B1455  |b .Y3 1953 
092 |a 192.4  |b H921t 
100 1 |a Hume, David,  |d 1711-1776. 
245 1 0 |a Theory of knowledge. :  |b Containing the Enquiry concerning human understanding, the Abstract, and selected passages from book I of A treatise of human nature /  |c Edited by D. C. Yalden-Thomson. 
264 1 |a Austin :  |b University of Texas Press,  |c 1953. 
300 |a xxvii, 265 pages :  |b facsimiles ;  |c 19 cm. 
336 |a text  |b txt  |2 rdacontent 
337 |a unmediated  |b n  |2 rdamedia 
338 |a volume  |b nc  |2 rdacarrier 
490 1 |a The Nelson philosophical texts 
504 |a Bibliography: pages xxiii, xxv. 
650 0 |a Knowledge, Theory of. 
650 0 |a Philosophy, English. 
830 0 |a Nelson philosophical texts. 
999 |a MARS 
999 f f |s ea92dba6-d624-3d71-9e1f-193d5a332ce7  |i 08e19681-e231-370f-b9a0-5ced251bea7c  |t 0 
952 f f |p ric  |a Texas A&M University  |b Rellis Campus  |c Joint Library Facility  |d Remote Storage  |t 0  |e B1455 .Y3 1953  |h Library of Congress classification  |i unmediated -- volume  |m A14800542928 
998 f f |a B1455 .Y3 1953  |t 0  |l Remote Storage